Infancia, justicia y derechos humanos /

Detalles Bibliográficos
Formato: Libro
Lenguaje:inglés
Publicado: Bernal Universidad Nacional de Quilmes 2010

MARC

LEADER 00000cam a2200000 a 4500
001 033882
003 UAHC_CL
005 20170803123701.0
008 130926b xx j 000 1 eng
040 |a UAHC_CL  |c UAHC_CL  |d UAHC_CL 
245 1 0 |a Infancia, justicia y derechos humanos /  |c Carla Villalta, compiladora. 
260 |b Universidad Nacional de Quilmes  |a Bernal  |c 2010 
300 |a 320 p. 
900 |a FONDECYT 
942 |c BK 
952 |0 0  |1 0  |4 0  |6 FONDECYT  |7 0  |8 General  |9 64689  |a BC  |b BC  |c General  |d 2017-08-03  |l 0  |o FONDECYT  |p 205A  |q 2017-06-28  |r 2017-08-03 00:00:00  |t 1  |w 2017-08-03  |y BK 
999 |c 33882  |d 33882